| 000 | 00484nam a22001457a 4500 | ||
|---|---|---|---|
| 008 | 160204b xxu||||| |||| 00| 0 eng d | ||
| 020 | _a0078251338 | ||
| 082 |
_22002 _aDK12 425 _bG558 |
||
| 245 |
_aGlencoe language arts : _bgrammar and composition handbook. |
||
| 260 |
_aNew York, N.Y. : _bGlencoe/McGraw-Hill, _c2002. |
||
| 300 |
_aiv, 63 pages : _billustrations ; _c28 cm. |
||
| 650 | 0 |
_92874 _aEnglish language _xGrammar |
|
| 650 | 0 |
_92875 _aLanguage arts (Secondary) |
|
| 942 |
_2ddc _cBK |
||
| 999 |
_c900 _d900 |
||